José Enrique Rodó: Apóstol de la serenidad

Збережено в:
Бібліографічні деталі
Автор: Simon, Luis
Формат: Книга
Мова:Undetermined
Опубліковано: San José, Costa Rica Ministerio de Cultura, Juventud y Deportes 1985
Предмети:
Теги: Додати тег
Немає тегів, Будьте першим, хто поставить тег для цього запису!

MARC

LEADER 00000nam a2200000Ia 4500
008 170316s9999 xx 000 0 und d
090 |a 801 S-19j 
100 |a Simon, Luis 
245 |a José Enrique Rodó: Apóstol de la serenidad 
260 |a San José, Costa Rica 
260 |b Ministerio de Cultura, Juventud y Deportes 
260 |c 1985 
300 |a 191 páginas 
650 |a TEORÍA LITERARIA 
650 |a RODO JOSE ENRIQUE 
650 |a ENSAYOS COSTARRICENSES 
999 |c 20641  |d 20641 
040 |a cru BVZT 
942 |c 15 D  |h 801 S-19j  |2 z